Public Policy (Record no. 3270)

000 -LEADER
fixed length control field 00649nam a22001817a 4500
008 - FIXED-LENGTH DATA ELEMENTS--GENERAL INFORMATION
fixed length control field 150824b xxu||||| |||| 00| 0 eng d
020 ## - INTERNATIONAL STANDARD BOOK NUMBER
International Standard Book Number 9781568024844
050 ## - LIBRARY OF CONGRESS CALL NUMBER
Classification number H 97 .K73 2004
100 ## - MAIN ENTRY--PERSONAL NAME
Personal name Kraft, Michael E.
Dates associated with a name 2004
245 ## - TITLE STATEMENT
Title Public Policy
Remainder of title Politics, Analysis and Alternatives.
Statement of responsibility, etc. Michael E. Kraft
260 ## - PUBLICATION, DISTRIBUTION, ETC. (IMPRINT)
Place of publication, distribution, etc. Washington
Name of publisher, distributor, etc. CQ Press
Date of publication, distribution, etc. 2004
300 ## - PHYSICAL DESCRIPTION
Extent xxii,400p;ill
Other physical details Includes bibliographical references and index
650 ## - SUBJECT ADDED ENTRY--TOPICAL TERM
Source of heading or term Policy sciences-Evaluation
650 ## - SUBJECT ADDED ENTRY--TOPICAL TERM
Source of heading or term Political planning-Citizen participation
650 ## - SUBJECT ADDED ENTRY--TOPICAL TERM
Source of heading or term Political administration
700 ## - ADDED ENTRY--PERSONAL NAME
Personal name Furlong, Scott R.
942 ## - ADDED ENTRY ELEMENTS (KOHA)
Source of classification or shelving scheme
Koha item type Hard Covered Materials
Classification part H 97 .K73 2004
Holdings
Withdrawn status Lost status Source of classification or shelving scheme Damaged status Not for loan Home library Current library Date acquired Source of acquisition Total Checkouts Full call number Barcode Date last seen Date last checked out Price effective from Koha item type
          MACHAKOS UNIVERSITY LIBRARY MACHAKOS UNIVERSITY LIBRARY 24/08/2015 Donation (B.F.A) 1 H 97 .K73 2004 8735 12/10/2021 27/09/2021 24/08/2015 Hard Covered Materials
© Machakos University Library, Along The Highway, Machakos Wote Rd, Machakos, Kenya P.O. Box 136 - 90100 Machakos - Kenya

Tel: ( +254 ) 723 805829 OR Fax : 044-20353 OR Email: library@mksu.ac.ke